Un footballeur pour chaque pays - Statistiques

Statistiques générales
  • Ce quiz a été pris 275 fois
  • Le résultat moyen est 61 sur 211
Statistiques - réponses
Pays Réponses % Correct
Argentine Messi, Maradona, Aguero, Dybala, Di Maria, Crespo, Mascherano, Zanetti, Riquelme, Higuain
97%
Brésil Pelé, Neymar, Ronaldo, Ronaldinho, Marcelo, Carlos, Kaka, Garrincha, Cafu, Brandao
94%
Angleterre Beckham, Scholes, Gerrard, Lampard, Rooney, Charlton, Kane, Bellingham, Foden, Walker
93%
Allemagne Beckenbauer, Matthaus, Neuer, Muller, Kimmich, Kroos, Hummels, Rudiger, Reus, Ter Stegen
92%
France Zidane, Platini, Henry, Mbappe, Benzema, Griezmann, Kante, Lloris, Giroud, Germain
92%
Corée du Sud Son, Kim, Park, Lee, Hong, Cho, Dong, Hwang, Jeong, Koo
90%
Portugal Ronaldo, Figo, Leao, Dias, Silva, Cancelo, Nani, Eusebio, Fernandes, Mendes
89%
Belgique De Bruyne, Hazard, Lukaku, Mertens, Kompany, Carrasco, Witsel, Courtois, Nainggolan, Vertonghen
87%
Espagne Casillas, Iniesta, Xavi, Raul, Puyol, Ramos, Alonso, Rodri, Thiago, Torres
85%
Égypte Salah, Mohamed, Trezeguet, Hassan, Hegazi, El Hadary, Elneny, Elmohamadi, Ghazal, Kahraba
84%
Algérie Mahrez, Bennacer, Atal, Aouar, Benrahma, Slimani, Brahimi, Boudebouz, Bensebaini, Ghoulam
81%
Pays de Galles Bale, Giggs, Rush, Ramsey, James, Davies, Wilson, Moore, Ampadu, Brooks
80%
Croatie Modric, Rakitic, Subasic, Perisic, Suker, Brozovic, Kovacic, Rebic, Gvardiol, Mandzukic
80%
Côte d'Ivoire Drogba, Toure, Zaha, Kessie, Pépé, Fofana, Bailly, Haller, Aurier, Gervinho
79%
Colombie Falcao, Rodriguez, Sanchez, Cuadrado, Diaz, Zapata, Mina, Muriel, Cordoba, Valderrama
78%
États-Unis Pulisic, Reyna, Musah, McKennie, Dempsey, Howard, Brooks, Dest, Robinson, Weah
78%
Italie Del Piero, Maldini, Buffon, Pirlo, Baggio, Chiellini, Bonucci, Donnarumma, Totti, Verratti
77%
Maroc Hakimi, Ziyech, Bounou, Benatia, Amrabat, Mazraoui, Saiss, El Arabi, Belhanda, En-Nesyri
77%
Canada Davies, David, Hutchinson, Buchanan, Eustaquio, Miller, Larin, Borjan, Hoilett, Cavallini
76%
Sénégal Mané, Koulibaly, Mendy, Gueye, Niang, Diatta, Sarr, Jackson, Diawara, Dia
76%
Chili Sanchez, Vidal, Bravo, Aranguiz, Medel, Vargas, Pizarro, Fernandez, Orellana, Isla
76%
Cameroun Eto'o, Toko Ekambi, Aboubakar, Zambo Anguissa, Onana, Matip, Choupo-Moting, Nkoulou, Chedjou, Song
75%
Mexique Vela, Ochoa, Corona, Jimenez, Hernandez, Sanchez, Lozano, Guardado, Marquez, Moreno
75%
Norvège Haaland, Odegaard, Sorloth, Elyounoussi, Solskjaer, Jarstein, King, Carew, Riise, Selnaes
74%
Pologne Lewandowski, Smolarek, Szczesny, Glik, Dudek, Milik, Zielinski, Krychowiak, Fabianski, Boniek
74%
Danemark Schmeichel, Laudrup, Eriksen, Braithwaite, Christensen, Kjaer, Wass, Delaney, Hojbjerg, Hojlund
74%
Suède Ibrahimovic, Isak, Granqvist, Lindelof, Larsson, Forsberg, Kulusevski, Gyokeres, Brolin, Ljungberg
73%
Suisse Shaqiri, Kobel, Sommer, Xhaka, Akanji, Zakaria, Mbabu, Rodriguez, Schar, Burki
73%
Uruguay Suarez, Cavani, Forlan, Godin, Gimenez, Nunez, Araujo, Valverde, Muslera, Francescoli
73%
Pays-Bas Cruyff, Van Persie, Van Basten, Gullit, Bergkamp, Van Dijk, Robben, Koeman, De Jong, De Ligt
71%
Autriche Alaba, Arnautovic, Sabitzer, Laimer, Schlager, Lainer, Hinteregger, Danso, Manninger, Gregoritsch
69%
Cuba Alonso, Hernandez, Munder, Sanchez, Corrales, Chang, Galindo, Alvarez, Sebrango, Castro
66%
Taïwan Dingyang, Chen, Chow, Yen, Donkin, Po-Liang, Jianming, Wu, Yu, Pan
63%
Costa Rica Navas, Campbell, Ruiz, Waston, Borges, Bennette, Gonzalez, Guzman, Duarte, Alvarado
63%
Gabon Aubameyang, Bouanga, Lemina, Kanga, Ecuele Manga, Boupendza, Cousin, Allevinah, Ndong, Poko
62%
Nigeria Osimhen, Musa, Okocha, Simon, Chukwueze, Boniface, Enyeama, Kanu, Ndidi, Lookman
62%
Turquie Turan, Sukur, Calhanoglu, Yilmaz, Yazici, Kokcu, Guler, Under, Soyuncu, Sahin
62%
Bosnie-Herzégovine Dzeko, Pjanic, Begovic, Visca, Kolasinac, Ahmedhodzic, Krunic, Demirovic, Misimovic, Ibisevic
61%
Mauritanie Koita, Guidileye, El Hacen, Ba, Abeid, Niasse, Sy, Abou Demba, Mahmoud, Thiam
61%
Géorgie Kvaratskhelia, Mikautadze, Kashia, Mamardashvili, Qazaishvili, Kvilitaia, Kaladze, Kverkvelia, Ananidze, Makaridze
61%
Écosse Dalglish, Robertson, Tierney, Fraser, McGinn, McGregor, McTominay, Forrest, Fletcher, Love
60%
Togo Adebayor, Djene, Laba, Dossevi, Bebou, Denkey, Agassa, Romao, Ayite, Gakpe
59%
Ghana Essien, Boateng, Kudus, Partey, Williams, Abedi Pelé, Salisu, Gyan, Djiku, Ayew
59%
Grèce Manolas, Mitroglou, Sokratis, Pavlidis, Bakasetas, Tsimikas, Giakoumakis, Mavropanos, Karagounis, Charisteas
59%
Japon Nakata, Miura, Kubo, Mitoma, Ito, Endo, Kamada, Kagawa, Yoshida, Tomiyasu
59%
Liberia Weah, Dorley, Nagbe, Oliseh, Johnson, Kamara, Tisdell, Jebor, Weeks, Dweh
59%
Australie Kewell, Goodwin, Ryan, Cahill, Maclaren, Mooy, Irvine, Rogic, Schwarzer, McGree
57%
Hongrie Puskas, Gulacsi, Orban, Szoboszlai, Dzsudzsak, Szalai, Sallai, Gazdag, Nego, Kadar
57%
Ukraine Shevchenko, Yarmolenko, Mudryk, Zinchenko, Tsygankov, Dovbyk, Lunin, Pyatov, Konoplyanka, Marlos
56%
Russie Yashin, Mostovoi, Dzyuba, Golovin, Akinfeev, Cheryshev, Arshavin, Zhirkov, Fernandes, Kerzhakov
56%
Irlande du Nord Best, Grigg, Evans, Dallas, Duffy, McAuley, Davis, Hughes, Norwood, Cathcart
53%
Albanie Strakosha, Hysaj, Berisha, Cana, Djimsiti, Uzuni, Broja, Balliu, Bare, Xhaka
52%
République Tchèque Cech, Nedved, Rosicky, Dudek, Schick, Soucek, Pavlenka, Drobny, Vaclik, Baros
51%
Serbie Vidic, Vlahovic, Tadic, Mitrovic, Milinkovic-Savic, Kostic, Jovic, Matic, Kolarov, Milenkovic
51%
Équateur Valencia, Caicedo, Hincapie, Estupinan, Plata, Mena, Noboa, Montero, Benitez, Ibarra
49%
Guinée Keita, Guirassy, Diawara, Bayo, Bangoura, Guilavogui, Traore, Yattara, Camara
48%
Slovénie Oblak, Handanovic, Ilicic, Kampl, Sesko, Verbic, Belec, Birsa, Beric, Cesar
48%
Slovaquie Hamsik, Skriniar, Hancko, Lobotka, Skrtel, Dubravka, Duda, Kucka, Stoch, Weiss
47%
Roumanie Hagi, Murgu, Dragusin, Tatarusanu, Marin, Radu, Stanciu, Andone, Chiriches, Maxim
46%
Irlande Keane, Coleman, McGeady, Randolph, Given, Duffy, Doherty, McCarthy, Ireland, O'Shea
45%
Finlande Litmanen, Hradecky, Pukki, Antman, Eremenko, Jaaskelainen, Lod, Taylor, Hyypia, Moisander
45%
Comores Selemani, M'Changama, Bachirou, Ahamada, Ben, Nabouhane, Abdullah, Bakar, Abdallah, Maolida
45%
Mali Marega, Haidara, Traore, Doumbia, Kanoute, Samassekou, Keita, Bissouma, Diabate, Doucoure
44%
Tunisie Khazri, Skhiri, Abdennour, Sliti, Mejbri, Khenissi, Laidouni, Khaoui, Bronn, Sassi
43%
Bulgarie Stoichkov, Berbatov, Popov, Petrov, Ivankov, Mihaylov, Bojinov, Rangelov, Georgiev, Chochev
43%
Burkina Faso Tapsoba, Kabore, Traore, Nakoulma, Pitroipa, Kone, Koffi, Bance, Dabo, Yago
42%
Paraguay Chilavert, Almiron, Sanabria, Cardozo, Barrios, Cabanas, Balbuena, Santa Cruz, Barreto, Kaku
41%
Rép. dém. du Congo Bakambu, Mbemba, Bolasie, Masuaku, Silas, Mbokani, Bongonda, Kakuta, Banza, Wissa
39%
Arménie Mkhitaryan, Zelarayan, Movsisyan, Adamyan, Ozbiliz, Ghazaryan, Briasco, Pizzelli, Berezovskiy, Manucharyan
39%
Iran Taremi, Azmoun, Jahanbakhsh, Safi, Rezaei, Gholizadeh, Ansarifard, Beiranvand, Abedzadeh, Alipour
37%
Grenade Beckles, Joseph, Roberts, Baptiste, Charles-Cook, Norburn, Pierre, Jerome, Hippolyte, Bedeau
36%
Monténégro Jovetic, Basa, Savic, Vucinic, Marusic, Damjanovic, Durdevic, Mugosa, Krstovic, Haksabanovic
35%
Panama Murillo, Baloy, Torres, Godoy, Diaz, Quintero, Perez, Penedo, Mejia, Tejada
34%
Islande Sigurdsson, Finnbogason, Haldorsson, Ingason, Gudmundsson, Hallfredsson, Arnason, Sampsted, Gudjohnsen, Sigtorsson
34%
Guinée-Bissau Gerso, Alfa Semedo, Mama Balde, Pelé, Gano, Ivanildo, Djalo, Nanu, Sami, Carlos Mané
32%
Maurice Rose, Bru, Villeneuve, Jean-Louis, Collard, Vincent, Sophie, Langue, Aristide, Balisson
31%
Jamaïque Bailey, Antonio, Blake, Clarke-Harris, Morrison, Morgan, Hutchinson, Pinnock, Gray, Decordova-Reid
30%
Afrique du Sud Tshabalala, Khune, Pienaar, Zwane, Manyisa, Tau, Zungu, Lorch, Mothiba, Phiri
30%
Pérou Pizarro, Guerrero, Ruidiaz, Farfan, Carrillo, Vargas, Lapadula, Advincula, Tapia, Cubillas
29%
Aruba Abdul, Lewis, Groothusen, John, Richard, Bäly, Lentink, Breinburg, Gomez, Pereira Freire
27%
Cap-Vert Djaniny, Ze Luis, Rodrigues, Da Costa, Tavares, Cabral, Varela, Bebe, Monteiro, Costa
27%
Qatar Hatem, Al Haydos, Ali, Afif, Barsham, Ahmed, Salman, Khoukhi, Boudiaf, Alaaeldin
27%
Macédoine du Nord Pandev, Elmas, Alioski, Bardhi, Dimitrievski, Ristovski, Ademi, Nikolov, Noveski, Nestorovski
27%
Israël Dabbur, Zahavi, Refaelov, Solomon, Benayoun, Natcho, Weissman, Dasa, Aouate, Kayal
26%
République centrafricaine Kondogbia, Mafouta, Yambere, Habibou, Youga, Zahibo, Enza-Yamissi, Manzouki, Lembet, Gambor
26%
Maldives Mohamed, Ashfaq, Fasir, Nizam, Umair, Abdulla, Abdul Ghanee, Ali, Arif, Rizuvan
26%
Malte Teuma, Jones, Schembri, Bogdanovic, Hutchinson, Muscat, Guillaumier, Beerman, Barbara, Brown
26%
Guatemala Jerez, Pappa, Herrera, Ruiz, Mendez-Laing, Rubin, Hernandez, Hagen, Vasquez, Samayoa
25%
Somalie Abdullahi, Junior, Haji, Mohamed, Salim, Aadan Abshir, Daud, Gigli, Ibrahim, Suleiman
24%
Arabie Saoudite Al Owairan, Al Jaber, Al Dawsari, Bahebri, Abdulhamid, Al Shehri, Al Shahrani, Al Sahlawi, Al Muwallad, Al Faraj
24%
Kosovo Zhegrova, Rashica, Rrahmani, Muriqi, Vojvoda, Berisha, Rexhbecaj, Selmani, Kolloli, Hadergjonaj
24%
Andorre Lima, Alvarez, Cervos, Cucu, Vales, Llovera, Ayala, Gomes, Gomez, San Nicolas
23%
Luxembourg Rodrigues, Barreiro Martins, Chanot, Moris, Jans, Sinani, Martins, Philipps, Gerson, Thill
23%
Saint-Vincent et les Grenadines Stewart, Hamlet, Samuel, Anderson, Spring, Jack, Charles, James, Hendrickson, McLean
22%
Nouvelle-Zélande Wood, Reid, Sail, Cacace, Barbarouses, Nelsen, Thomas, Rojas, Smith, Marinovic
22%
Angola Mata, Nzola, Bastos, Eduardo, Manucho, Djalma, Dala, Mabululu, Abreu, Mateus
21%
République dominicaine Mariano, Firpo, Bonnin, Barmettler, Morschel, Martinez, Coordes, Azcona, Zanzala, Valdez
20%
Porto Rico Rivera, Valentin, Saunders, Hernandez, Godette, Boss, Graham, Rosario, Oikkonen, Angking
20%
Seychelles Marie, Zialor, Labrosse, Hausl, Mancienne, Betsy, Baldé, Hopprich, Monnaie, Williams
19%
Bermudes Wells, Lambe, Hall, Lewis, Simons, Leverock, Eve, Parfitt-Williams, Butterfield, Donawa
19%
Macao Cheng leong, Kin Seng, Torrao, Man Fai, Ka Ang, Kin Lao, Vernon, Ka Seng, Chan, Chi Hang
18%
Indonésie Haye, Van Dijk, Walsh, Idzes, Tjoe-A-On, Pattynama, Oost, Baggott, Maulana, Syamsir
18%
Venezuela Martinez, Machis, Rondon, Herrera, Amorebieta, Rosales, Arango, Maldonado, Rincon, Vizcarrondo
18%
Îles vierges américaines Ramos, Harris, Joseph, Blaschka, Mack, St Louis, Brown, Good, Browne, McGuiness
18%
Eswatini Tsabedze, Badenhorst, Mdluli, Ndzinisa, Shabalala, Dlamini, Figuareido, Mamba, Ndlovu, Gamedze
18%
Trinité-et-Tobago Yorke, Garcia, Jones, Molino, Samuel, Edwards, Bostock, Bateau, Scotland, Hyland
18%
Jordanie Al Tamari, Khattab, Shafi, Abu, Tamimi, Salim, Attiah, Al Shagran, Jawdat, Al Dmeiri
17%
Corée du Nord Chong Te Se, An Byong Jun, Han Kwang Song, Yong Gi, Ryong, Byong, Jong, Mvibudulu, Il-Gwan, Kuk-Chol
17%
Vietnam Dang Van Lam, Nguyen, Truong, Luong, Quang, Dung, Manh, Tai, Viet Anh, Bao
17%
Bénin Sessegnon, Tosin, Mounie, Allagbe, Adeoti, Gestede, Adenon, Hountondji, Dossou, Imorou
17%
Chine Lei, Elkeson, Goulart, Dianzuo, Carvalho, Nanduo, Guofu, Junling, Junmin, Cheng
16%
Honduras Lozano, Suazo, Palacios, Figueroa, Najar, De Leon, Izaguirre, Alvarez, Elis, Quioto
16%
Guam Delagarza, Guy, Jaye, Cunliffe, Nicklaw, Matkin, Lopez, Pangelinan, Naputi, Halehale
15%
Madagascar Morel, Metanire, Ilaimaharitra, Lapoussin, Andriatsima, Mombris, Nomenjanahary, Raveloson, Fontaine, Boto
15%
Mozambique Reinildo, Mexer, Catamo, Zainadine, Mate, Langa, Guima, Witi, Pelembe, Junior
15%
Samoa américaines Saelua, Salapu, Ott, Natia, Pati, Heleta, Ledoux, Faoa-Danielson, Tualaulelei, Samuelu
15%
Zimbabwe Grobbelaar, Nakamba, Munetsi, Kadewere, Billiat, Mwaruwary, Katsande, Musona, Ndoro, Nhamoinesu
14%
Azerbaïdjan Dadashov, Krivotsyuk, Yilmaz, Eddy, Emreli, Nazarov, Sheidaev, Makhmudov, Nouri, Sonmez
13%
São Tomé et Principe Leal, Soares, Bragança, Ivonaldo, Nazaré, Iniesta, Tinho, Viegas, Afonso, Aldair
13%
Îles vierges britanniques Septus, Williams, Caesar, Wiltshire, Smith, Bertie, Forbes, Chalwell, Javier, Neville
13%
Zambie Daka, Sunzu, Mwepu, Sakala, Mulenga, Lungu, Mayuka, Katongo, Banda, Kangwa
12%
Îles Cook Jamieson, Saghabi, Mata, Mustonen, Rimene-Albrett, Elikana, Baringer-Tahiri, Areai, Harmon, Mateariki
12%
Nouvelle-Calédonie Lautoa, Zeoula, Gope-Fenepej, Bearune, Wacalie, Nyikeine, Kai, Kayara, Jeno, Kabeu
12%
Dominique Prince, Benjamin, Wade, Laville, Bertrand, Joseph, Williams, Jno Hope, Thomas, Sandy
12%
Koweït Al-Mutawa, Abdullah, Al Hajri, Nasser, Al Dhefiri, Abdulgahfoor, El Ebrahim, Al-Sanea, Al-Rashidi, Platini
11%
Inde Chhetri, Singh Sandhu, Chhangte, Bhutia, Singh, Bheke, Thapa, Mahesh Singh, Pratap Singh, Kaith
11%
Gambie Colley, Minteh, Barrow, Manneh, Ibou, Sanneh, Jatta, Trawally, Sowe, Ceesay
11%
Tahiti Tchen, Tehau, Vahirua, Bourebare, Keck, Bremond, Teamotuaitau, Tetauira, Paama, Bennett
11%
Kenya Wanyama, Mariga, Okumu, Oliech, Olunga, Otieno, Onyango, Masika, Origi, Oduor
11%
Sainte-Lucie Donacien, Forino-Joseph, Ifil, Thomas, Hackett-Fairchild, Alexander, Frederick, Similien, Jean, Elva
10%
Estonie Klavan, Vassiljev, Lindpere, Pareiko, Mets, Ojamaa, Hein, Baranov, Kallaste, Kait
10%
Guinée équatoriale Obiang, Coco, Akapo, Nsue, Machin, Balboa, Bodipo, Ngamukol, Bejarano, Salvador
10%
Haïti Placide, Genevois, Goreux, Arcus, Louis, Mustivar, Picault, Jean-Jacques, Étienne Jr, Pierrot
10%
Belize Salazar, Rocha, Bernardez, Trapp, West, Lopez, Nembhard, Polanco, Lewis, McCaulay
10%
Brunei Bolkiah, Saleh, Razen Said, Amir, Said, Salleh, Hendra, Helmi Zambin, Sahari, Anak Nyaring
9%
Biélorussie Kalachev, Shkurin, Hleb, Bressan, Kornilenko, Zhevnov, Martynovich, Filipenko, Kutuzov, Palitsevich
9%
Sierra Leone Kamara, Turay, Bundu, Sankoh, Caulker, Strasser, Conteh, Kallon, Bangura, Kaikai
9%
Salvador Roldan, Ceren, Alvarez, Gil, Flores, Zavaleta, Zelaya, Purdy, Dominguez, Iraheta
9%
Vanuatu Kaltak, Tangis, Iwai, Kalotang, Welwel, Soromon, Saniel, Kalo, Cooper, Moses
8%
Suriname Becker, Haps, Biseswar, Klaiber, Denswil, Alberg, Donk, Paal, Koolwijk, Leerdam
7%
Palestine Dabbagh, Khalili, Salom, Albahdari, Zatara, Aiesh, Chihadeh, Al Badawi, Awad, Eid
7%
Timor Oriental De Almeida, Barbosa, Gama, Filomeno, Gali, Fabiano, Santos Rangel, Oliveira, Da Silva, Leandro
7%
Soudan Eisa, Al Dhaw, Bashir, Mustafa, Chol, Noor, Adam, El Tahir, Alagab, Karshoum
7%
Afghanistan Haydary, Amin, Akbari, Kouhyar, Husin, Hewad, Noor, Niemann, Shayesteh, Sadat
7%
Chypre Laifis, Sielis, Dossa, Christofi, Efrem, Kastanos, Sotiriou, Ioannou, Andreou, Demetriou
7%
Liban Mohamad, Jradi, Oumari, Saad, Ali Khan, El-Helwe, Michel, Bugiel, Zeaiter, Hassan
7%
Bolivie Moreno, Chumacero, Lampe, Saavedra, Pedriel, Bejarano, Cardozo, Cabrera, Enoumba, Mancilla
7%
Libye Musrati, Benali, Djamal, Tajouri-Shradi, El-Munir, Elfadli, Elhouni, Zayed, Kadhafi, Soulah
7%
Burundi Ndayishimiye, Berahino, Amissi, Ntibazonkiza, Nahayo, Ndabashinze, Weymans, Bizoza, Bigirimana, Kamsoba
7%
Tanzanie Samatta, Khalfan, Yussuf, M'Mombwa, Miroshi, Mnoga, Shindika, Donasiyano, Msuva, Mao
7%
Îles turques et caïques Singh, Forbes, Cadet, Glinton, Fenelus, Hurdle, Turbyfield, Philogene, Burey, Sylvain
7%
Saint-Christophe-et-Nieves Browne, Sawyers, Harris, Nottingham, Shade, Maynard, Bristow, Sterling-James, Wharton, Burley
6%
Malaisie Cools, Lok, Faisal, Syihan, Gan, Rasid, Chin Ann, Dahari, Corbin-Ong, Tan
6%
République du Congo Samba, Bifouma, Nonda, N'Dinga, Oniangue, Maboulou, Makouta, Kamata, Makoumbou, Aubey
6%
Ouzbékistan Shomurodov, Akhmedov, Denisov, Shukurov, Masharipov, Djeparov, Afonin, Alibaev, Kapadze, Galiulin
6%
Bahamas St Fleur, Jean, Joseph, Rahming, McNair Hall, Hepple, Christie, Delancy, Whylly, Sealey
6%
Pakistan Suliman, Yousaf, Essa, Butt, Hanif, Nabi, Hamid, Iqbal, Kayani, Rehman
6%
Gibraltar Walker, Wiseman, De Barr, Gosling, Annesley, Chipolina, Casciaro, Coleing, Britto, Coombes
6%
Oman Al-Habsi, Al Hosni, Al Farsi, Amur, Mubarak, Al-Yahmadi, Al-Rawahi, Al-Aghbari, Fawaz, Al-Ghassani
5%
Éthiopie Askar, Zambataro, Atta, Panom, Bayeh, Gebremichael, Kebede, Worku, Debede, Yohannes
5%
Bangladesh Bhuyan, Chunnu, Barman, Ahmed Fahim, Mia, Khan, Rana, Uddin, Hossain, Mamunul Islam
5%
Fidji Krishna, Waranaivalu, Cavuilagi, Hughes, Khem, Kuivuna, Tekiate, Begg, Sami, Ravai
5%
Tchad N'Doram, Ninga, Mouandilmadji, Mahamat, Djibrine, Nicaise, Ndouassel, Labbo, Loko, Idangar
5%
Syrie Al Soma, Kharbin, Al Somah, Osman, Al Hussain, Sabbag, Al Hussien, Malki, Kalfa, Aiesh
4%
Djibouti Elmi, Hassan, Akinbinu, Daher, Bileck, Farah Ali, Mbonihankuye, Farada, Warsama, Mahabeh
4%
Anguilla Morgan, Duncan, Paris, Hughes, Connor, Liddie, O'Connor, Burris, Richardson, Fleming
4%
Hong Kong Nunez, Russell, Nokhang, Baise, Wai-Tsun, Chun Lok, Cheung, Fai, Pan-Gon, Chung
4%
Curaçao Room, Bacuna, Kuwas, Bonevacia, Locadia, Lachman, Martina, Benschop, Martinus, Antonia
4%
Ouganda Sekagya, Onyango, Azira, Bockhorn, Obua, Mugabi, Miya, Ikpeazu, Bwomono, Opondo
4%
Antigua et Barbuda Townsend, Romeo, Blackstock, Leigertwood, James-Wildin, Parker, Weston, Francis-Angol, Pereira, Browne
4%
Cambodge Bin, Suhana, Vichet, Visal, Sochetra, Sokumpheak, Bunheing, Chanthea, Sovann, Krya
3%
Émirats arabes unis Caio, Abdulrahman, Al Ahbabi, Eissa, Nader, Barman, Autonne, Ahmed, Juma, Maroof
3%
Guyana Danns, Creavalle, Ondaan, Cort, Harriott, Bonds, Vancooten, Briggs, Letard, Gordon
3%
Moldavie Epureanu, Cracium, Gatcan, Ionita, Armas, Reabciuk, Koselev, Rusu, Josan, Postolachi
3%
Philippines Holtmann, Etheridge, Schrock, Obermair, Strauss, Nyholm, Areola, Lucena, Palla, Mulders
3%
Niger Maazou, Lybohy, Moutari, Bonnes, Diori, Ekpai, Koita, Salou, Oumarou, Moumouni
3%
Thaïlande Songkrasin, Bunmathan, Dangda, Thamsatchanan, Puangchan, Mickelson, Suengchitthawon, Jakkit, Suksum, Khemdee
3%
Montserrat Taylor, Daniels, Dyer, Comley, Griffith, Pond, Dorsett, Willock, Meade, Allen
3%
Irak Adnan, Meram, Rashid, Akram, Jeahze, Ismail, Yakob, Nouri, Kasim, Iqbal
2%
Nicaragua Barrera, Quijano, Alonso, Calero, Chavarria, Copete, Espinoza, Leguias, Forvis, Acevedo
2%
Îles Féroé Davidsen, Edmundsson, Holst, Nielsen, Hansson, Rolantsson, Sorensen, Nattestad, Hendriksson, Knudsen
2%
Îles Salomon Fa'arodo, Menapi, Feni, Lea'i, Mango, Nawo, Totori, Waita, Kofana, Mekawir
2%
Papouasie-Nouvelle-Guinée Foster, Davani, Warisan, Kepo, Gunemba, Yasasa, Semmy, Komolong, Muta, Sabua
2%
Érythrée Goitom, Saeid, Efrem, Hagos, Shimangus, Teklerb, Tekie, Seleman, Debesa, Alexander
2%
Lettonie Gutkovskis, Rudnevs, Vanins, Gorkss, Steinbors, Cauna, Rakels, Tarasovs, Makreckis, Ikaunieks
2%
Birmanie Htan, Hlaing Win, Lwin, Min Oo, Lyon Aung, Naing Tun, Thu, Ko Ko, Zin Phyo, Kyaw
2%
Kazakhstan Islamkhan, Zaynutdinov, Schmidtgal, Merkel, Judt, Zhukov, Engel, Evseev, Popov, Startsev
2%
Malawi Mhango, Petro, Ngwenya, Chembezi, Sanudi, Banda, Madinga, Mphasi, Mzava, Phiri
2%
Namibie Tjikuzu, Hotto, Nyambe, Shalulile, Benjamin, Starke, Bester, Risser, Shitembi, Kazapua
2%
Soudan du Sud Tongyik, Athiu, Yuel, Majok, Kuol, Deu, Genaro, Maker, Chol, Wani
2%
Tadjikistan Umarbayev, Nazarov, Dzhalilov, Davlatmir, Hanonov, Safarov, Shukurov, Soirov, Barotov, Kamolov
2%
Yémen Al Radaei, Al Sasi, Al-Nono, Ayash, Al-Harsh, Al-Sarori, Al-Matari, Al-Dahi, Al-Khyat, Al-Sowadi
1%
Turkménistan Amanow, Bayramow, Orazmuhammedow, Durdiyev, Geldiyew, Nurmuradov, Soyunow, Mingazov, Urazow, Saparow
1%
Barbade Boyce, Ifill, Forte, Straker, Hope, Soares, Nurse, McCammon, Lashley, Holligan
1%
Liechtenstein Buchel, Frick, Jehle, Hasler, Wieser, Stocklasa, Polverino, Goppel, Salanovic, Burgmeier
1%
Bhoutan Gyeltshen, Pema, Shedrup, Dorji, Tenzing, Wangdi, Gurung, Tshering, Dendup, Subba
1%
Singapour Harun, Bennett, Ahmad, Fandi, Sunny, Arifin, Kumar, Swandi, In-Young, Baharudin
1%
Bahreïn Helal, Husain, Fatadi, Al-Humaidan, Al-Shaikh, Lutfalla, Mahroon, Madan, Abdullatif, Al Hayam
1%
Lesotho Lerotholi, Motebang, Bereng, Thabantso, Khutlang, Sello, Brown, Fothoane, Lesaoana, Makepe
1%
Botswana Mogorosi, Ramatlakhwane, Seakanyeng, Mohutsiwa, Ditlhokwe, Gaolaolwe, Boy, Selolwane, Gabonamong, Thuma
1%
Tonga Polovili, Uele, Feao, Moleni, Papani, Moala, Likiliki, Otukolo, Lutu, Falepapalangi
1%
Saint-Marin Selva, Vitaioli, Berardi, Nanni, Benedettini, Golinucci, Battistini, Mularoni, D'Addario, Cevoli
1%
Laos Vongchiengkham, Phaphouvanin, Ketkeophomphone, Bounkong, Vang, Souvanny, Sayavutthi, Khochalern, Saitaifah, Singto
1%
Népal Chemjong, Khadka, Bista, Rayamajhi, Khawas, Manu Rai, Shrestha, Gurung, Tamang, Maharjan
0%
Samoa Fa'aiuaso, Setefano, Mobberly, Kapisi, Lalaoata, Matagi, Hamilton-Pama, Daniells, Konusi, Taualai
0%
Lituanie Karcemarskas, Stankevicius, Setkus, Spalvis, Arlauskis, Semberas, Danilevicius, Novikovas, Zaliukas, Velicka
0%
Mongolie Khurelbaatar, Lumbengarav, Naranbold, Ganbayar, Batsaikhan, Garidmagnai, Amaraa, Gerelt-Od, Tsedenbal, Enkhtaivan
0%
Îles caïmans Lindo, Ramoon, Ebanks, Studenhofft, Frederic-Charlery, Seymour, Duval, Suberan, Brandon, Forbes
0%
Sri Lanka Perera, Bandanage, Jayasuriya, De Silva, Fasal, Waseem Razeek, Ishan, Rajamohan, Supan, Kammerknecht
0%
Rwanda Tchité, Bizimana, Rwatubyaye, Nirisarike, Imanishimwe, Manzi, Wenssens, Luvumbu, Omborenga, Muhire
0%
Kirghizistan Zhyrgalbek Uulu, Murzaev, Kojo, Kozubaev, Alykulov, Batyrkanov, Atabayev, Abdurakhmanov, Akhmatov, Sagynbaev
0%
Aucun quiz correspondant
Distribution des résultats
% des personnes avec chaque résultat
Percentile par nombre de réponses
Votre historique - résultats
Vous n’avez pas pris ce quiz